Jyamiti ki kahani (Record no. 1396800)

MARC details
000 -LEADER
fixed length control field 00506nam a2200193Ia 4500
005 - DATE AND TIME OF LATEST TRANSACTION
control field 20250508165707.0
008 - FIXED-LENGTH DATA ELEMENTS--GENERAL INFORMATION
fixed length control field 008 250505s9999 xx 000 0 hin d
037 ## - SOURCE OF ACQUISITION
Stock number Textual
040 ## - CATALOGING SOURCE
Original cataloging agency FEDL
Language of cataloging eng
Transcribing agency FEDL
041 ## - LANGUAGE CODE
Language code of text/sound track or separate title hin
Source of code eng
084 ## - COLON CLASSIFICATION NUMBER
Classification number 516, MUL
Assigning agency FEDL
100 ## - MAIN ENTRY--PERSONAL NAME
Personal name Muley Gunakar
9 (RLIN) 398672
245 #0 - TITLE STATEMENT
Title Jyamiti ki kahani
260 ## - PUBLICATION, DISTRIBUTION, ETC.
Place of publication, distribution, etc. Delhi, India
Name of publisher, distributor, etc. Gyan-Vigyan Prakashan
Date of publication, distribution, etc. 1989
300 ## - PHYSICAL DESCRIPTION
Extent 114p.
365 ## - TRADE PRICE
Price type code INR
Price amount 10
942 ## - ADDED ENTRY ELEMENTS (KOHA)
Koha item type Textual
Classification part 516, MUL
Holdings
Withdrawn status Lost status Damaged status Not for loan Home library Current library Date acquired Cost, normal purchase price Total Checkouts Full call number Barcode Date last seen Price effective from Koha item type
        Department of Education Library Department of Education Library 2025-05-08 10.00   516, MUL EL0090453 2025-05-08 2025-05-08 Textual
Copyright @ Delhi University Library System